[Event "Krasnodar Region-ch"]
[Site "Krasnodar"]
[Date "2010.10.24"]
[Round "9"]
[White "Panarin, Vladimir"]
[Black "Sanarov, Oleg"]
[Result "0-1"]
[WhiteElo "2110"]
[BlackElo "2262"]
[PlyCount "100"]
[EventDate "2010.10.16"]
[EventType "swiss"]
[EventRounds "9"]
[EventCountry "RUS"]
[SourceTitle "EXT 2022"]
[Source "ChessBase"]
[SourceDate "2021.10.06"]
[SourceVersion "1"]
[SourceVersionDate "2021.10.06"]
[SourceQuality "1"]

1. Nf3 g6 2. g3 Bg7 3. Bg2 c5 4. c4 Nc6 5. Nc3 e5 6. 0-0 Nge7 7. d3 0-0 8. Rb1 d6 9. a3 a5 10. e3 h6 11. Nd5 Rb8 12. Nd2 Bd7 13. Ne4 Be6 14. Nec3 f5 15. b4 axb4 16. axb4 Nxb4 17. Nxb4 cxb4 18. Nd5 Nxd5 19. cxd5 Bd7 20. Rxb4 b5 21. Qb3 Qc7 22. Bb2 Rfc8 23. e4 Qc2 24. Qxc2 Rxc2 25. Rc1 Rbc8 26. Rxc2 Rxc2 27. d4 exd4 28. Bxd4 Rc1+ 29. Bf1 Bxd4 30. Rxd4 f4 31. g4 Bxg4 32. Kg2 g5 33. h3 Bd7 34. Be2 Kg7 35. Bg4 Be8 36. Rd2 Kf6 37. e5+ Ke7 38. Re2 Bf7 39. e6 Be8 40. Ra2 Rc7 41. Bf3 b4 42. h4 b3 43. Rb2 Rb7 44. hxg5 hxg5 45. Bd1 Ba4 46. Kf3 Rb5 47. Ke4 Kf6 48. Kd4 Rc5 49. Bxb3 Rb5 50. Bxa4 Rxb2 0-1

[Event "Krasnodar Region-ch"]
[Site "Krasnodar"]
[Date "2010.10.16"]
[Round "1"]
[White "Golub, Sergey"]
[Black "Sanarov, Oleg"]
[Result "0-1"]
[WhiteElo "1890"]
[BlackElo "2262"]
[PlyCount "56"]
[EventDate "2010.10.16"]
[EventType "swiss"]
[EventRounds "9"]
[EventCountry "RUS"]
[SourceTitle "EXT 2022"]
[Source "ChessBase"]
[SourceDate "2021.10.06"]
[SourceVersion "1"]
[SourceVersionDate "2021.10.06"]
[SourceQuality "1"]

1. d4 Nf6 2. Nf3 g6 3. Nbd2 Bg7 4. e4 0-0 5. Bc4 d5 6. exd5 Nxd5 7. 0-0 Nb6 8. c3 Nxc4 9. Nxc4 b6 10. Re1 Bb7 11. Bg5 Re8 12. Qe2 Nc6 13. Rad1 Ba6 14. Nfd2 Qd5 15. Be3 e5 16. dxe5 Nxe5 17. b3 Bb7 18. f4 Nxc4 19. Nxc4 Qc6 20. Rc1 Re6 21. Ne5 Bxe5 22. fxe5 Rxe5 23. Qd2 Rae8 24. Rc2 Qe6 25. Kf2 Qf5+ 26. Kg1 Rxe3 27. Rxe3 Rxe3 28. Qxe3 Qxc2 0-1

[Event "Doroshkevich Memorial op"]
[Site "Belorechensk"]
[Date "2010.05.23"]
[Round "2"]
[White "Sanarov, Oleg"]
[Black "Markosian, Sergey"]
[Result "1-0"]
[WhiteElo "2261"]
[BlackElo "1844"]
[PlyCount "107"]
[EventDate "2010.05.22"]
[EventType "swiss"]
[EventRounds "9"]
[EventCountry "RUS"]
[SourceTitle "EXT 2011"]
[Source "ChessBase"]
[SourceDate "2010.11.26"]
[SourceVersion "1"]
[SourceVersionDate "2010.11.26"]
[SourceQuality "1"]

1. d4 g6 2. e4 Bg7 3. c4 d6 4. Nc3 Nc6 5. d5 Nd4 6. Be3 c5 7. Nge2 Nxe2 8. Bxe2 Nf6 9. 0-0 0-0 10. Qd2 Ng4 11. Bxg4 Bxg4 12. Bh6 a6 13. Bxg7 Kxg7 14. f4 Bd7 15. f5 b5 16. Nd1 bxc4 17. Ne3 Rb8 18. Ng4 Kg8 19. Qh6 Kh8 20. f6 Rg8 21. fxe7 Qxe7 22. Nf6 Rg7 23. Qd2 Bb5 24. Qc3 Qe5 25. Qxe5 dxe5 26. Rf2 a5 27. Rd1 Rgg8 28. Nxg8 Kxg8 29. d6 Bc6 30. Re2 Rd8 31. Kf2 a4 32. g4 f6 33. Ke3 Kf7 34. Rc2 Ke6 35. Rxc4 Rxd6 36. Rxd6+ Kxd6 37. Rc2 Bd7 38. Rd2+ Kc6 39. Rf2 Bxg4 40. Rxf6+ Kb5 41. Rf7 Be6 42. Rxh7 Bxa2 43. Rg7 Kb4 44. Rxg6 Kb3 45. Rg2 Bb1 46. h4 Bc2 47. h5 Kxb2 48. h6 a3 49. h7 a2 50. h8Q c4 51. Qb8+ Ka3 52. Qxe5 Bb3 53. Qa5+ Ba4 54. Rxa2+ 1-0

[Event "Doroshkevich Memorial op"]
[Site "Belorechensk"]
[Date "2009.05.26"]
[Round "4"]
[White "Sanarov, Oleg"]
[Black "Bondarev, Boris"]
[Result "1-0"]
[WhiteElo "2246"]
[BlackElo "2087"]
[PlyCount "145"]
[EventDate "2009.05.23"]
[EventType "swiss"]
[EventRounds "9"]
[EventCountry "RUS"]
[SourceTitle "CBM 130 Extra"]
[Source "ChessBase"]
[SourceDate "2009.07.02"]
[SourceVersion "2"]
[SourceVersionDate "2009.07.15"]
[SourceQuality "1"]

1. d4 d5 2. Nf3 Bf5 3. Bg5 Nf6 4. Bxf6 exf6 5. e3 Bb4+ 6. c3 Bd6 7. Qb3 Be6 8. c4 b6 9. Nc3 dxc4 10. Bxc4 Bxc4 11. Qxc4 c6 12. 0-0 0-0 13. Rac1 Re8 14. Rfd1 b5 15. Qd3 a6 16. Ne4 Bf8 17. a3 Qd5 18. Nc5 Nd7 19. Qb3 Qd6 20. Nxd7 Qxd7 21. Rd2 Rac8 22. Rdc2 Qf5 23. h3 Bd6 24. Rc3 Rc7 25. Qc2 Qxc2 26. R3xc2 Rec8 27. Kf1 h5 28. Ke2 g5 29. Nd2 f5 30. Nb3 Kg7 31. Nc5 Ra8 32. Nd3 Rac8 33. Nb4 Bxb4 34. axb4 Kf6 35. Rc5 Ke6 36. Re5+ Kf6 37. Rcc5 Kg6 38. Rxf5 f6 39. h4 g4 40. Rxh5 Ra7 41. Rhf5 a5 42. bxa5 Rxa5 43. Rf4 Ra2 44. Rxg4+ Kf7 45. Rc2 b4 46. h5 b3 47. Rd2 Rca8 48. h6 Rh8 49. Rh4 Ra4 50. f4 Rc4 51. h7 f5 52. d5 cxd5 53. Rxd5 Ke6 54. Rd2 Rc7 55. Rh6+ Kf7 56. Kf3 Kg7 57. Rh1 Rxh7 58. Rxh7+ Kxh7 59. Rd3 Rb7 60. g4 fxg4+ 61. Kxg4 Rb4 62. Kf5 Rb5+ 63. Ke4 Kg6 64. Kd4 Kf5 65. Kc4 Rb8 66. Rxb3 Rc8+ 67. Kd3 Rc1 68. Kd4 Rd1+ 69. Rd3 Rb1 70. b3 Rb2 71. Rc3 Rd2+ 72. Kc5 Ke4 73. b4 1-0

[Event "Krasnodar Region-ch op"]
[Site "Krasnodar"]
[Date "2008.10.??"]
[Round "2"]
[White "Ganigev, Maksim"]
[Black "Sanarov, Oleg"]
[Result "1/2-1/2"]
[WhiteElo "1881"]
[BlackElo "2266"]
[PlyCount "72"]
[EventDate "2008.10.18"]
[EventType "swiss"]
[EventRounds "9"]
[EventCountry "RUS"]
[SourceTitle "EXT 2022"]
[Source "ChessBase"]
[SourceDate "2021.10.06"]
[SourceVersion "1"]
[SourceVersionDate "2021.10.06"]
[SourceQuality "1"]

1. e4 c5 2. Nc3 g6 3. g3 Bg7 4. d3 Nc6 5. Be3 d6 6. Qd2 Rb8 7. Bg2 b5 8. Nd1 b4 9. Ne2 Nd4 10. 0-0 Bd7 11. Nc1 Ba4 12. Nb3 a5 13. f4 Nh6 14. h3 f5 15. e5 Bxb3 16. axb3 dxe5 17. fxe5 Nf7 18. Bxd4 Qxd4+ 19. Kh1 Nxe5 20. Rxa5 0-0 21. Qe3 Rbc8 22. Re1 Qxe3 23. Nxe3 e6 24. Ra7 g5 25. Nc4 Nxc4 26. bxc4 Bxb2 27. Rxe6 Rf7 28. Raa6 Kg7 29. Bd5 Bd4 30. Kg2 Rfc7 31. Re1 Rf8 32. Rae6 f4 33. g4 Rf6 34. Re8 Ra6 35. Rg8+ Kh6 36. h4 Rg6 1/2-1/2

[Event "Krasnodar Region-ch op"]
[Site "Krasnodar"]
[Date "2008.10.??"]
[Round "8"]
[White "Kiriushin, Vladimir"]
[Black "Sanarov, Oleg"]
[Result "1/2-1/2"]
[WhiteElo "2206"]
[BlackElo "2266"]
[PlyCount "89"]
[EventDate "2008.10.18"]
[EventType "swiss"]
[EventRounds "9"]
[EventCountry "RUS"]
[SourceTitle "EXT 2022"]
[Source "ChessBase"]
[SourceDate "2021.10.06"]
[SourceVersion "1"]
[SourceVersionDate "2021.10.06"]
[SourceQuality "1"]

1. c4 Nf6 2. Nc3 e6 3. d4 c5 4. Nf3 cxd4 5. Nxd4 Bb4 6. Bd2 Nc6 7. e3 0-0 8. Be2 b6 9. 0-0 Bb7 10. Bf3 Be7 11. Rc1 Qb8 12. Nxc6 Bxc6 13. Bxc6 dxc6 14. Qf3 Rd8 15. Rfd1 Qc7 16. e4 Bd6 17. g3 Be5 18. Bf4 h6 19. Kg2 Kf8 20. Bxe5 Qxe5 21. Qf4 Qxf4 22. gxf4 Ke7 23. e5 Nh5 24. Kf3 f5 25. h4 Rxd1 26. Rxd1 Rd8 27. Rxd8 Kxd8 28. Ne2 Kd7 29. Ke3 g6 30. Kd4 c5+ 31. Ke3 Kc6 32. a3 a6 33. b4 Ng7 34. Kd3 Ne8 35. Kc3 Nc7 36. Nc1 a5 37. bxa5 bxa5 38. Kb3 Na8 39. Nd3 Nb6 40. Nb2 Kb7 41. Nd1 Kc6 42. Nc3 a4+ 43. Nxa4 Nxa4 44. Kxa4 Kb6 45. Kb3 1/2-1/2

[Event "Krasnodar Petrosian Memorial op"]
[Site "Krasnodar"]
[Date "2004.10.??"]
[Round "8"]
[White "Ovsiannikov, Maxim"]
[Black "Sanarov, Oleg"]
[Result "0-1"]
[WhiteElo "2112"]
[BlackElo "2317"]
[PlyCount "60"]
[EventDate "2004.10.??"]
[EventType "swiss"]
[EventRounds "9"]
[EventCountry "RUS"]
[SourceTitle "EXT 2006"]
[Source "ChessBase"]
[SourceDate "2005.11.24"]
[SourceVersion "1"]
[SourceVersionDate "2005.11.24"]
[SourceQuality "1"]

1. c4 Nf6 2. Nc3 e6 3. e4 d5 4. e5 d4 5. exf6 dxc3 6. bxc3 Qxf6 7. d4 e5 8. Nf3 exd4 9. Bg5 Qe6+ 10. Be2 f6 11. Nxd4 Qf7 12. Bf4 Bc5 13. Nb3 Na6 14. Qd5 c6 15. Qe4+ Qe7 16. Nxc5 Nxc5 17. Qxe7+ Kxe7 18. Rd1 Kf7 19. 0-0 Re8 20. Bf3 Bf5 21. Be3 Na4 22. Bd4 Be4 23. Bxe4 Rxe4 24. c5 b6 25. f3 Re7 26. cxb6 axb6 27. Rfe1 Rd8 28. Bf2 Red7 29. Rxd7+ Rxd7 30. Bd4 c5 0-1

[Event "Krasnodar Stepanov Memorial op"]
[Site "Krasnodar"]
[Date "2001.??.??"]
[Round "?"]
[White "Khlian, Eduard"]
[Black "Sanarov, Oleg"]
[Result "1/2-1/2"]
[WhiteElo "2454"]
[BlackElo "2320"]
[PlyCount "23"]
[EventDate "2001.10.??"]
[EventType "swiss"]
[EventRounds "9"]
[EventCountry "RUS"]
[SourceTitle "EXT 2003"]
[Source "ChessBase"]
[SourceDate "2002.11.25"]
[SourceVersion "1"]
[SourceVersionDate "2002.11.25"]
[SourceQuality "1"]

1. d4 Nf6 2. Nf3 e6 3. g3 b5 4. Bg2 Bb7 5. c3 c5 6. 0-0 cxd4 7. Nxd4 Bxg2 8. Kxg2 Qb6 9. Qd3 a6 10. Bg5 Be7 11. Nd2 Nc6 12. N2f3 1/2-1/2

[Event "Krasnodar Stepanov Memorial op"]
[Site "Krasnodar"]
[Date "2001.??.??"]
[Round "?"]
[White "Sanarov, Oleg"]
[Black "Aleksandrov, Jury"]
[Result "1-0"]
[WhiteElo "2320"]
[BlackElo "2065"]
[PlyCount "41"]
[EventDate "2001.10.??"]
[EventType "swiss"]
[EventRounds "9"]
[EventCountry "RUS"]
[SourceTitle "EXT 2003"]
[Source "ChessBase"]
[SourceDate "2002.11.25"]
[SourceVersion "1"]
[SourceVersionDate "2002.11.25"]
[SourceQuality "1"]

1. d4 Nf6 2. c4 c5 3. d5 e6 4. Nc3 exd5 5. cxd5 d6 6. e4 g6 7. Bd3 Bg7 8. h3 0-0 9. Nf3 b5 10. Nxb5 Nxe4 11. Bxe4 Qa5+ 12. Nc3 Re8 13. 0-0 Bxc3 14. bxc3 Rxe4 15. Ng5 Re8 16. Re1 Rf8 17. Bf4 c4 18. Bxd6 Rd8 19. Nxf7 Kxf7 20. Re7+ Kg8 21. Qd4 1-0

[Event "RUS-ch sf"]
[Site "Krasnodar"]
[Date "2001.??.??"]
[Round "?"]
[White "Sanarov, Oleg"]
[Black "Asanov, Timur"]
[Result "1/2-1/2"]
[WhiteElo "2301"]
[BlackElo "2339"]
[PlyCount "88"]
[EventDate "2001.??.??"]
[EventType "swiss"]
[EventRounds "9"]
[EventCountry "RUS"]
[SourceTitle "EXT 2002"]
[Source "ChessBase"]
[SourceDate "2001.11.25"]
[SourceVersion "1"]
[SourceVersionDate "2001.11.25"]
[SourceQuality "1"]

1. d4 d5 2. c4 c6 3. Nf3 Nf6 4. Nc3 e6 5. cxd5 exd5 6. Bg5 Be7 7. Qc2 0-0 8. e3 Nbd7 9. Bd3 Re8 10. 0-0 Nf8 11. Bxf6 Bxf6 12. b4 Bg4 13. Nd2 Kh8 14. Rab1 Bh5 15. Na4 a6 16. Nc5 Re7 17. Rfc1 Bg5 18. Nf1 Bg6 19. a4 Rc7 20. Ng3 Qe7 21. Qe2 Rac8 22. Bf5 Re8 23. Re1 Qf6 24. Qf3 Rce7 25. Bxg6 fxg6 26. Qxf6 gxf6 27. Ne2 f5 28. g3 Ra8 29. Nc1 b6 30. N5d3 Ne6 31. Nb3 Rc7 32. Re2 Be7 33. Rc2 Rac8 34. Rbc1 Bd6 35. Kg2 Kg7 36. a5 b5 37. Nbc5 Bxc5 38. Nxc5 Nxc5 39. Rxc5 Kf6 40. f3 Ke6 41. h4 Kd6 42. Kf2 h6 43. R5c3 Re8 44. Rc5 Re6 1/2-1/2

[Event "RUS-ch sf"]
[Site "Krasnodar"]
[Date "2001.??.??"]
[Round "?"]
[White "Sanarov, Oleg"]
[Black "Kotenko, Pavel"]
[Result "0-1"]
[WhiteElo "2301"]
[BlackElo "2306"]
[PlyCount "95"]
[EventDate "2001.??.??"]
[EventType "swiss"]
[EventRounds "9"]
[EventCountry "RUS"]
[SourceTitle "EXT 2002"]
[Source "ChessBase"]
[SourceDate "2001.11.25"]
[SourceVersion "1"]
[SourceVersionDate "2001.11.25"]
[SourceQuality "1"]

1. d4 Nf6 2. c4 g6 3. Nc3 Bg7 4. e4 d6 5. f3 0-0 6. Be3 Nc6 7. Nge2 a6 8. Qd2 Rb8 9. Nc1 e5 10. d5 Nd4 11. Nb3 Nxb3 12. axb3 c5 13. g4 h5 14. h3 Nh7 15. gxh5 Qh4+ 16. Qf2 Qxh5 17. Be2 Nf6 18. f4 Qh8 19. f5 Nh5 20. Bxh5 Qxh5 21. f6 Bh6 22. Kd2 Kh7 23. h4 Bxe3+ 24. Kxe3 Bg4 25. Kd3 Rfc8 26. Rh2 Qh6 27. Rg2 Bh5 28. Rg5 Rh8 29. Ra4 Kg8 30. Kc2 Qf8 31. b4 Rc8 32. b5 Ra8 33. bxa6 Rxa6 34. b4 Rxa4 35. Nxa4 Qa8 36. Nb2 b6 37. Rg3 Qa1 38. Rg1 Qa2 39. b5 Qa3 40. Rg3 Qa1 41. Rg5 Qh1 42. Kd3 Bf3 43. Rg1 Bxe4+ 44. Ke3 Qh3+ 45. Rg3 Qxh4 46. Rg1 Bf5 47. Ra1 g5 48. Rg1 0-1

[Event "Krasnodar Stepanov Memorial op"]
[Site "Krasnodar"]
[Date "2001.??.??"]
[Round "?"]
[White "Sanarov, Oleg"]
[Black "Serebriakov, Alexander"]
[Result "1/2-1/2"]
[WhiteElo "2320"]
[BlackElo "2189"]
[PlyCount "81"]
[EventDate "2001.10.??"]
[EventType "swiss"]
[EventRounds "9"]
[EventCountry "RUS"]
[SourceTitle "EXT 2003"]
[Source "ChessBase"]
[SourceDate "2002.11.25"]
[SourceVersion "1"]
[SourceVersionDate "2002.11.25"]
[SourceQuality "1"]

1. d4 d5 2. c4 c6 3. Nc3 e5 4. cxd5 cxd5 5. e4 dxe4 6. Bb5+ Bd7 7. dxe5 Bb4 8. Qa4 Qa5 9. Qxa5 Bxa5 10. Bd2 Ne7 11. Nxe4 Bxd2+ 12. Kxd2 0-0 13. Bxd7 Nxd7 14. f4 Rad8 15. Ke2 f6 16. e6 Nb8 17. Nf3 f5 18. Neg5 Rd6 19. Rhd1 Rb6 20. Nd4 Rxb2+ 21. Kf3 h6 22. Nf7 Rc8 23. Rac1 Rxc1 24. Rxc1 Nbc6 25. Nxc6 Nxc6 26. Rd1 Rxa2 27. Nd8 Ra3+ 28. Kf2 Kf8 29. Nxb7 Ra4 30. g3 Nd4 31. Nc5 Rc4 32. Nd7+ Ke7 33. Re1 Rc2+ 34. Kf1 Nf3 35. Re3 Nxh2+ 36. Kg1 Ng4 37. Re1 Nf6 38. Nxf6 gxf6 39. Ra1 Kxe6 40. Rxa7 Kd5 41. Re7 1/2-1/2

[Event "RUS-ch sf"]
[Site "Krasnodar"]
[Date "1998.??.??"]
[Round "?"]
[White "Sanarov, Oleg"]
[Black "Dzhakaev, Dzhakay"]
[Result "1/2-1/2"]
[WhiteElo "2290"]
[BlackElo "2415"]
[PlyCount "90"]
[EventDate "1998.??.??"]
[EventType "swiss"]
[EventRounds "9"]
[EventCountry "RUS"]
[SourceTitle "EXT 2000"]
[Source "ChessBase"]
[SourceDate "1999.11.16"]
[SourceVersion "1"]
[SourceVersionDate "1999.11.16"]
[SourceQuality "1"]

1. e4 c5 2. Nc3 Nc6 3. Bb5 g6 4. Bxc6 bxc6 5. d3 Bg7 6. f4 Nh6 7. Nf3 0-0 8. 0-0 d6 9. Qe1 f6 10. Qh4 Nf7 11. Qg3 Rb8 12. Nh4 f5 13. Nf3 c4 14. dxc4 fxe4 15. Nxe4 Bf5 16. Neg5 Nxg5 17. Nxg5 h6 18. Nf3 Bxc2 19. Be3 Rxb2 20. Rf2 c5 21. Nh4 Qe8 22. Bc1 Rb1 23. Rxb1 Bxb1 24. Bb2 Qf7 25. Bxg7 Qxg7 26. h3 Be4 27. Qg4 Kh7 28. Qe6 Bd3 29. Rf3 Bb1 30. a3 Ba2 31. Kh2 Qf6 32. Qe1 e6 33. g4 Bxc4 34. f5 gxf5 35. gxf5 e5 36. Ng6 Rb8 37. Rf2 Bf7 38. Qa5 Rg8 39. Qxa7 Qg7 40. Rg2 Bxg6 41. fxg6+ Kh8 42. Qb6 Qf8 43. a4 c4 44. a5 Qf4+ 45. Kh1 Qf1+ 1/2-1/2